000 00748nam a2200265Ia 4500
003 OSt
005 20220927105754.0
006 a|||||r|||| 00| 0
007 ta
008 220926b |||||||| |||| 00| 0 eng d
020 _a9350289555
024 _a200091
037 _cReference Collections
040 _aRTL
_cRTL
_beng
041 _2eng
_aeng
082 _a"X:(Z,81):(L), Q4/RR"
100 _aMALIK Vijay
_9374925
245 0 _aLaw relating to drugs and cosmetics.
250 _a23rd
260 _a"Lucknow,"
_b"Eastern Book Company, "
_c2013
300 _a"xlviii, 1480p"
_ccm.
500 _aBibliography: P 189-206
942 _h"X:(Z,81):(L), Q4/RR"
_cCC
999 _c694567
_d694567